[Event "3rd Kolkata GM Open 2018"]
[Site "Kolkata IND"]
[Date "2018.05.15"]
[Round "2.4"]
[White "Aravindh, Chithambaram VR."]
[Black "Saurabh, Anand"]
[Result "1-0"]
[WhiteTitle "GM"]
[WhiteElo "2597"]
[BlackElo "2294"]
[WhiteFideId "5072786"]
[BlackFideId "5094496"]
[EventDate "2018.05.14"]

1. c4 e6 2. Nc3 d5 3. d4 Be7 4. cxd5 exd5 5. Bf4 c6 6. Qc2 g6 7. e3 Bf5 8. Qd2
Nf6 9. Nge2 O-O 10. h3 Nbd7 11. Ng3 Be6 12. Bd3 Re8 13. Nge2 Nb6 14. Qc2 Rc8 15.
O-O Nh5 16. Bh2 Bd6 17. Bxd6 Qxd6 18. a4 Ng7 19. a5 Nd7 20. Qb3 c5 21. dxc5 Nxc5
22. Qb4 Red8 23. Rfd1 Nxd3 24. Qxd6 Rxd6 25. Rxd3 Nf5 26. Nf4 g5 27. Nfxd5 Kg7
28. Rad1 Rcd8 29. Nb4 Bb3 30. R1d2 Bc4 31. Rxd6 Rxd6 32. Ne4 Rxd2 33. Nxd2 Nd6
34. f3 Kf6 35. Kf2 Ke5 36. g3 f5 37. g4 Bb5 38. Na2 Nc4 39. Nxc4+ Bxc4 40. Nc3
f4 41. Ne4 fxe3+ 42. Kxe3 h6 43. Ng3 Be6 44. Ne2 b6 45. Nd4 bxa5 46. Nxe6 Kxe6
47. b3 Ke5 48. f4+ gxf4+ 49. Kf3 Kd4 50. Kxf4 Kc3 51. h4 Kxb3 52. g5 hxg5+ 53.
hxg5 a4 54. g6 a3 55. g7 a2 56. g8=Q+ Kb2 57. Qg2+ Kb1 58. Qf1+ Kb2 59. Qe2+ Kb1
60. Qe1+ Kb2 61. Qb4+ Kc2 62. Qa3 Kb1 63. Qb3+ Ka1 64. Qc2 a6 65. Qc1# 1-0

[Event "3rd Kolkata GM Open 2018"]
[Site "Kolkata IND"]
[Date "2018.05.15"]
[Round "2.5"]
[White "Pranav, V"]
[Black "Rozum, Ivan"]
[Result "0-1"]
[BlackTitle "GM"]
[WhiteElo "2315"]
[BlackElo "2581"]
[WhiteFideId "25060783"]
[BlackFideId "24104272"]
[EventDate "2018.05.14"]

1. e4 c6 2. Nc3 d5 3. Qe2 d4 4. Nb1 e5 5. g3 c5 6. Bg2 d3 7. Qxd3 Qxd3 8. cxd3
Nc6 9. Nc3 Be6 10. Nge2 O-O-O 11. O-O f6 12. b3 Nb4 13. f4 Nh6 14. fxe5 fxe5 15.
Bb2 Nxd3 16. Ba3 c4 17. Bxf8 Rhxf8 18. Nd5 cxb3 19. axb3 Kb8 20. Nec3 Ng4 21.
Rxf8 Rxf8 22. Bf1 Ngf2 23. Bxd3 Nxd3 24. b4 Bh3 25. Ne3 Nxb4 26. Ncd1 Nc2 27.
Ra2 Ne1 28. Nf2 Be6 29. Ra5 b6 30. Rb5 Bd7 31. Rb1 Nf3+ 32. Kg2 Be6 33. d3 Nd4
34. Neg4 Nc6 35. Ne3 Kb7 36. Nfd1 Rd8 37. Nb2 Nb4 38. Nbc4 Nxd3 39. Na5+ Kc7 40.
Nac4 Rd4 41. Nd2 Nc5 42. Rb2 Nxe4 43. Nf3 Rd3 44. Rc2+ Kb7 45. Re2 Nc3 46. Re1
e4 47. Ng5 Bg8 48. Nf5 Rd5 49. g4 g6 50. Nh6 Rxg5 51. h4 Re5 52. Nxg8 h5 53. Nf6
hxg4 54. Kg3 Re6 55. Nxg4 b5 56. Kf4 b4 57. Ne5 b3 58. Nc4 Ka6 59. Ra1+ Kb5 60.
Nd2 b2 61. Rxa7 e3 62. Rb7+ Kc6 63. Rxb2 e2 64. Nf3 Rf6+ 65. Kg4 Kd5 66. Rc2 Ke4
67. Ne1 Rf1 68. Rc1 Nd1 69. Rc4+ Kd5 70. Rc8 Ne3+ 71. Kg3 Nf5+ 72. Kg2 Nxh4+ 73.
Kg3 Nf5+ 74. Kg2 Rxe1 75. Kf2 Ra1 76. Kxe2 Ke4 77. Rg8 Ra2+ 78. Kf1 Kf3 79. Kg1
Rg2+ 80. Kf1 Ne3+ 81. Ke1 Re2# 0-1

[Event "3rd Kolkata GM Open 2018"]
[Site "Kolkata IND"]
[Date "2018.05.15"]
[Round "2.6"]
[White "Sandipan, Chanda"]
[Black "Gajwa, Ankit"]
[Result "1-0"]
[WhiteTitle "GM"]
[BlackTitle "FM"]
[WhiteElo "2573"]
[BlackElo "2290"]
[WhiteFideId "5004225"]
[BlackFideId "5077834"]
[EventDate "2018.05.14"]

1. d4 Nf6 2. c4 g6 3. Nc3 Bg7 4. e4 d6 5. Be2 O-O 6. Bg5 Na6 7. Nf3 h6 8. Be3 e5
9. O-O Ng4 10. Bc1 c6 11. d5 f5 12. g3 cxd5 13. cxd5 Nf6 14. Nh4 Kh7 15. exf5
gxf5 16. Be3 Kg8 17. f4 exf4 18. Rxf4 Ng4 19. Bxg4 fxg4 20. Rxf8+ Qxf8 21. Qd2
h5 22. Rf1 Qe7 23. Bg5 Qe5 24. Rf4 Nc5 25. Ng6 Qe8 26. Ne7+ Kh8 27. Rf8+ Qxf8
28. Ng6+ Kg8 29. Nxf8 Bxf8 30. Bh6 Be7 31. Qc2 Kf7 32. Nb5 1-0

[Event "3rd Kolkata GM Open 2018"]
[Site "Kolkata IND"]
[Date "2018.05.15"]
[Round "2.7"]
[White "Sekar, B"]
[Black "Sengupta, Deep"]
[Result "0-1"]
[BlackTitle "GM"]
[WhiteElo "2304"]
[BlackElo "2563"]
[WhiteFideId "5043743"]
[BlackFideId "5008352"]
[EventDate "2018.05.14"]

1. e4 e5 2. Nf3 Nc6 3. Bb5 a6 4. Ba4 Nf6 5. O-O Be7 6. Re1 b5 7. Bb3 d6 8. c3
O-O 9. h3 Na5 10. Bc2 c5 11. d4 Nd7 12. Nbd2 exd4 13. cxd4 Re8 14. Nf1 Nc6 15.
d5 Nce5 16. N1h2 Nxf3+ 17. Qxf3 Ne5 18. Qd1 Bf6 19. Rb1 a5 20. b3 a4 21. bxa4 b4
22. a3 bxa3 23. Bxa3 Nc4 24. Bc1 Bd7 25. Ng4 Bd4 26. Qd3 Qa5 27. Rf1 Qc3 28.
Qxc3 Bxc3 29. Bd3 h5 30. Ne3 Nxe3 31. Bxe3 Bxa4 32. Rb6 Rad8 33. Rc1 Be5 34. Ra6
Bb3 35. Rb6 Ba4 36. Ra6 Ra8 37. Rxa4 Rxa4 38. Bb5 Rea8 39. Bxa4 Rxa4 40. f3 h4
41. Re1 f6 42. Bf2 g5 43. Kf1 Kf7 44. Rd1 Ra2 45. Be3 Kg6 46. Rd2 Ra3 47. Bf2 f5
48. Ke2 Ra4 49. exf5+ Kxf5 50. Be3 Bf4 51. Bxf4 Kxf4 52. Kf2 Rd4 0-1

[Event "3rd Kolkata GM Open 2018"]
[Site "Kolkata IND"]
[Date "2018.05.15"]
[Round "2.8"]
[White "Tukhaev, Adam"]
[Black "Sai, Vishwesh.C"]
[Result "1/2-1/2"]
[WhiteTitle "GM"]
[WhiteElo "2551"]
[BlackElo "2288"]
[WhiteFideId "14109476"]
[BlackFideId "5081670"]
[EventDate "2018.05.14"]

1. Nf3 c5 2. c4 Nf6 3. Nc3 Nc6 4. g3 g6 5. Bg2 Bg7 6. O-O O-O 7. d4 cxd4 8. Nxd4
Ng4 9. e3 d6 10. b3 Qa5 11. Nd5 Nge5 12. Bb2 Be6 13. Nxc6 Nxc6 14. Bxg7 Kxg7 15.
Qe2 Bxd5 16. Bxd5 Qc5 17. Rfd1 a5 18. Rab1 Qa3 19. h4 Nb4 20. Rd2 Rab8 21. h5
Rfc8 22. Kg2 Rc5 23. Rh1 Nxd5 24. cxd5 a4 25. Qg4 axb3 26. Qh4 Rc1 27. h6+ Kf8
28. Qd4 f6 29. Rxc1 Qxc1 30. axb3 Ra8 31. Rd1 Qc2 32. Rd2 Qc1 33. Rd1 Qc2 34.
Rd2 Qxb3 35. Rb2 Qa4 36. Qxa4 Rxa4 37. Rxb7 g5 38. f4 gxf4 39. gxf4 Kf7 40. Kf3
Ra1 41. e4 Rh1 42. f5 Rxh6 43. Rb8 Rh3+ 44. Kg4 Re3 45. Kf4 Ra3 46. Rh8 Kg7 47.
Re8 Ra7 48. Kg4 1/2-1/2

[Event "3rd Kolkata GM Open 2018"]
[Site "Kolkata IND"]
[Date "2018.05.15"]
[Round "2.9"]
[White "Mohammad Fahad, Rahman"]
[Black "Lalith, Babu M R"]
[Result "1/2-1/2"]
[WhiteTitle "FM"]
[BlackTitle "GM"]
[WhiteElo "2296"]
[BlackElo "2531"]
[WhiteFideId "10207791"]
[BlackFideId "5024595"]
[EventDate "2018.05.14"]

1. e4 c6 2. Nc3 d5 3. Nf3 Bg4 4. h3 Bxf3 5. Qxf3 e6 6. Be2 g6 7. d4 Bg7 8. Be3
Ne7 9. g4 Nd7 10. O-O-O Qa5 11. Kb1 a6 12. Bg5 b5 13. Bxe7 Kxe7 14. exd5 cxd5
15. Nxd5+ exd5 16. Qxd5 Rae8 17. Bf3 Qb6 18. Rhe1+ Kd8 19. Qa8+ Nb8 20. Qd5+ Nd7
21. Qa8+ Nb8 22. Qd5+ Nd7 1/2-1/2

[Event "3rd Kolkata GM Open 2018"]
[Site "Kolkata IND"]
[Date "2018.05.15"]
[Round "2.10"]
[White "Burmakin, Vladimir"]
[Black "Vatsal, Singhania"]
[Result "1-0"]
[WhiteTitle "GM"]
[WhiteElo "2528"]
[BlackElo "2283"]
[WhiteFideId "4105109"]
[BlackFideId "25033972"]
[EventDate "2018.05.14"]

1. Nf3 d5 2. g3 Nf6 3. Bg2 e6 4. c4 Be7 5. O-O O-O 6. d4 dxc4 7. Qc2 a6 8. a4
Bd7 9. Rd1 Bc6 10. Bg5 a5 11. Nbd2 Na6 12. Nxc4 Nb4 13. Qc1 Bd5 14. Ne1 b6 15.
b3 Rc8 16. Qb2 Ne4 17. Bxe7 Qxe7 18. Rac1 Rfd8 19. Nc2 Nf6 20. N2e3 h6 21. Nxd5
exd5 22. Ne5 c5 23. Nd3 cxd4 24. Qxd4 Qxe2 25. Nxb4 axb4 26. Qxb6 d4 27. Bf1 Qf3
28. Rd3 Qh5 29. Rxc8 Rxc8 30. Rxd4 Rc1 31. Qb5 Qh3 32. Qe2 1-0

[Event "3rd Kolkata GM Open 2018"]
[Site "Kolkata IND"]
[Date "2018.05.15"]
[Round "2.11"]
[White "Aronyak, Ghosh"]
[Black "Narayanan, Srinath"]
[Result "0-1"]
[WhiteTitle "CM"]
[BlackTitle "GM"]
[WhiteElo "2294"]
[BlackElo "2525"]
[WhiteFideId "25072846"]
[BlackFideId "5018420"]
[EventDate "2018.05.14"]

1. c4 e5 2. Nc3 Nc6 3. Nf3 f5 4. d4 e4 5. Ng5 Nf6 6. e3 d6 7. Be2 g6 8. h4 Bh6
9. b3 Qe7 10. Bb2 Nd8 11. d5 a6 12. g4 Bg7 13. gxf5 Bxf5 14. Qd2 h6 15. Nh3 g5
16. O-O-O Nf7 17. c5 dxc5 18. d6 Nxd6 19. Nd5 Nxd5 20. Bh5+ Kd7 21. Qxd5 Bxb2+
22. Kxb2 Bxh3 23. Rxh3 Qe6 24. f3 Qxd5 25. Rxd5 Kc6 26. fxe4 Nxe4 27. Re5 Nf2
28. Bf3+ Kb6 29. Re6+ c6 30. Rh2 Nd3+ 31. Kc3 Rhd8 32. Rxh6 gxh4 33. Be4 Ne5 34.
R2xh4 Re8 35. Rf4 Rad8 36. Rh3 Rg8 37. Rf2 Rg4 38. Rf4 Rg1 39. Rh5 Re8 40. Bc2
Ng4 41. e4 Rg3+ 42. Kb2 Ne3 43. Rh2 a5 44. Rf7 c4 45. Re2 Rd8 46. Rh7 c3+ 47.
Ka3 Rd2 0-1

[Event "3rd Kolkata GM Open 2018"]
[Site "Kolkata IND"]
[Date "2018.05.15"]
[Round "2.12"]
[White "Shyam, Sundar M."]
[Black "Navalgund, Niranjan"]
[Result "1-0"]
[WhiteTitle "GM"]
[WhiteElo "2518"]
[BlackElo "2281"]
[WhiteFideId "5019141"]
[BlackFideId "5030854"]
[EventDate "2018.05.14"]

1. e4 e5 2. Nf3 Nc6 3. Bb5 a6 4. Ba4 Nf6 5. O-O Be7 6. Re1 b5 7. Bb3 d6 8. c3
O-O 9. h3 Nb8 10. d4 Nbd7 11. c4 c6 12. Nc3 b4 13. Ne2 Nxe4 14. Qc2 f5 15. c5+
d5 16. Be3 Kh8 17. Nxe5 Nxe5 18. dxe5 f4 19. Nxf4 Bf5 20. g4 Bc8 21. Rad1 Rxf4
22. Bxf4 Nxc5 23. Be3 Qf8 24. Rc1 Nxb3 25. axb3 Bd7 26. Bc5 h5 27. e6 Be8 28.
Re5 Bxc5 29. Qxc5 Qf6 30. Qe3 Kg8 31. e7 hxg4 32. hxg4 Qh4 33. Rg5 Qh6 34. Rf5
Bd7 35. Qxh6 gxh6 36. Rf6 Re8 37. Re1 Kg7 38. Rd6 Bxg4 39. Rxc6 Kf7 40. Rxh6 Bf5
41. Re5 Be4 42. Kf1 Rxe7 43. Rxe7+ Kxe7 44. Ke2 Bc2 45. Rxa6 Bxb3 46. Rb6 Bc4+
47. Ke3 b3 48. Kd4 1-0

[Event "3rd Kolkata GM Open 2018"]
[Site "Kolkata IND"]
[Date "2018.05.15"]
[Round "2.13"]
[White "Prasad, Devaki V"]
[Black "Deepan, Chakkravarthy J."]
[Result "1-0"]
[WhiteTitle "IM"]
[BlackTitle "GM"]
[WhiteElo "2284"]
[BlackElo "2516"]
[WhiteFideId "5000050"]
[BlackFideId "5011132"]
[EventDate "2018.05.14"]

1. e4 e5 2. Nf3 Nc6 3. Bb5 a6 4. Ba4 Nf6 5. O-O Be7 6. Re1 b5 7. Bb3 d6 8. c3
O-O 9. h3 Na5 10. Bc2 c5 11. d4 Qc7 12. Nbd2 Bd7 13. Nf1 Nc4 14. d5 a5 15. a4
Nb6 16. axb5 Bxb5 17. Ne3 g6 18. Nh2 h5 19. Qf3 Nh7 20. g4 h4 21. Qd1 Kg7 22.
Nf3 Rh8 23. Kh1 Nf8 24. Rg1 Nfd7 25. g5 c4 26. Ng4 Nc5 27. Nh6 Kf8 28. Rg4 Ke8
29. Rxh4 a4 30. Be3 Nbd7 31. Nd2 Nb6 32. Qf1 Nd3 33. Bxd3 cxd3 34. f4 Rf8 35.
fxe5 dxe5 36. Ng4 Rb8 37. Nf6+ Bxf6 38. Qxf6 Nd7 39. Qg7 Qd6 40. c4 Ba6 41. Rxa4
Rxb2 42. Rh8 Rc2 43. c5 Rxc5 44. Bxc5 Qxc5 45. Rxf8+ Nxf8 46. Qxe5+ Ne6 47. Qb8+
Nd8 48. Qf4 Bc8 49. Rc4 1-0

[Event "3rd Kolkata GM Open 2018"]
[Site "Kolkata IND"]
[Date "2018.05.15"]
[Round "2.14"]
[White "Tran, Tuan Minh"]
[Black "Neelash, Saha"]
[Result "1-0"]
[WhiteTitle "GM"]
[WhiteElo "2512"]
[BlackElo "2280"]
[WhiteFideId "12401820"]
[BlackFideId "5094160"]
[EventDate "2018.05.14"]

1. c4 e6 2. d4 d5 3. Nf3 Nf6 4. Nc3 Bb4 5. cxd5 exd5 6. Bf4 c6 7. e3 Ne4 8. Rc1
Qa5 9. Qb3 Bd6 10. Bxd6 Nxd6 11. Bd3 O-O 12. O-O Nd7 13. a3 Qd8 14. Na4 Qe7 15.
Rfe1 Nf6 16. Nc5 Rb8 17. Ne5 Bf5 18. Bxf5 Nxf5 19. f3 Rfd8 20. Qd3 Nd6 21. b4
Rbc8 22. a4 g6 23. e4 Qf8 24. Qe3 dxe4 25. fxe4 b6 26. Ncd3 Qe8 27. Qf3 Nfxe4
28. Rxe4 Nxe4 29. Qxe4 f6 30. Ng4 Qxe4 31. Nxf6+ Kg7 32. Nxe4 Rxd4 33. Nef2 Re8
34. g3 Re6 35. Kg2 Red6 36. Rc3 g5 37. Kf3 Re6 38. Ng4 h5 39. Nge5 Kf6 40. Nc4
Rde4 41. Rc2 Rd4 42. Rc3 Rde4 43. Rc2 Rd4 44. Ncb2 Rde4 45. a5 Rd4 46. Rc3 Rde4
47. Rc2 Rd4 48. h3 Rd5 49. g4 hxg4+ 50. hxg4 bxa5 51. Nc5 Re1 52. bxa5 Rf1+ 53.
Kg3 Rg1+ 54. Kf3 Rf1+ 55. Ke3 Re5+ 56. Ne4+ Ke7 57. Nd3 Rxa5 58. Rxc6 Rg1 59.
Kf3 Kf7 60. Nd6+ Kf8 61. Rc8+ Ke7 62. Nf5+ Kd7 63. Rc3 Ke8 64. Rc8+ Kd7 65. Rc3
Ke8 66. Nf2 Ra4 67. Nd6+ Kd7 68. Nde4 Ra5 69. Nh3 Rga1 70. Nc5+ Ke7 71. Nb3 Rf1+
72. Kg2 Ra4 73. Kxf1 Rxg4 74. Kf2 Kf6 75. Rc6+ Kf5 76. Rc5+ Kf6 77. Nd2 a5 78.
Rxa5 Kg6 79. Nf3 Kh5 80. Nhxg5 Kh6 81. Ra6+ Kg7 82. Ke3 Rb4 83. Nd4 Rb7 84.
Nde6+ 1-0

[Event "3rd Kolkata GM Open 2018"]
[Site "Kolkata IND"]
[Date "2018.05.15"]
[Round "2.15"]
[White "Ziatdinov, Raset"]
[Black "Swapnil, S. Dhopade"]
[Result "1/2-1/2"]
[WhiteTitle "GM"]
[BlackTitle "GM"]
[WhiteElo "2281"]
[BlackElo "2505"]
[WhiteFideId "2015323"]
[BlackFideId "5019184"]
[EventDate "2018.05.14"]

1. e4 c6 2. d4 d5 3. e5 c5 4. dxc5 Nc6 5. Bb5 e6 6. Be3 Ne7 7. Nf3 Nf5 8. Bd4
Qa5+ 9. Nc3 a6 10. Bxc6+ bxc6 11. O-O Nxd4 12. Nxd4 Qxc5 13. Na4 Qa5 14. c4 c5
15. b4 cxb4 16. Nc6 Qc7 17. cxd5 exd5 18. Rc1 Qb7 19. Qd4 Bd7 20. Qb6 Bxc6 21.
Rxc6 Qxb6 22. Nxb6 Rd8 23. Rd1 d4 24. Nc4 Be7 25. Rxa6 O-O 26. f4 Ra8 27. Rxa8
Rxa8 28. Rd2 f6 29. Kf2 Kf7 30. Kf3 f5 31. g4 Ke6 32. gxf5+ Kxf5 33. Nd6+ Bxd6
34. exd6 Ra3+ 35. Kf2 Ke6 36. Rxd4 Rxa2+ 37. Kg3 Ra7 38. Rxb4 1/2-1/2

[Event "3rd Kolkata GM Open 2018"]
[Site "Kolkata IND"]
[Date "2018.05.15"]
[Round "2.16"]
[White "Sahoo, Utkal Ranjan"]
[Black "Rahman, Ziaur"]
[Result "1/2-1/2"]
[BlackTitle "GM"]
[WhiteElo "2281"]
[BlackElo "2495"]
[WhiteFideId "5034566"]
[BlackFideId "10200037"]
[EventDate "2018.05.14"]

1. d4 g6 2. c4 Bg7 3. Nf3 d6 4. Nc3 Nf6 5. g3 O-O 6. Bg2 c6 7. O-O Bf5 8. Re1
Qc8 9. e4 Bh3 10. e5 Bxg2 11. Kxg2 Ne8 12. Bg5 f6 13. exf6 exf6 14. Bf4 g5 15.
Bd2 Nd7 16. Re7 Rf7 17. Rxf7 Kxf7 18. Qe2 Nf8 19. d5 g4 20. Nh4 Ng6 21. Nxg6
hxg6 22. f3 gxf3+ 23. Qxf3 Qd7 24. g4 Kg8 25. Rf1 Nc7 26. Qe4 Qe8 27. Qf3 Qd7
28. Qe4 Qe8 29. Qf3 Qd7 30. Qe4 Qe8 1/2-1/2

[Event "3rd Kolkata GM Open 2018"]
[Site "Kolkata IND"]
[Date "2018.05.15"]
[Round "2.18"]
[White "Jayakumaar, S"]
[Black "Vignesh, N R"]
[Result "0-1"]
[BlackTitle "IM"]
[WhiteElo "2276"]
[BlackElo "2485"]
[WhiteFideId "5090997"]
[BlackFideId "25012215"]
[EventDate "2018.05.14"]

1. e4 c5 2. Na3 Nc6 3. Bb5 g6 4. c3 Bg7 5. Nf3 Nf6 6. e5 Nd5 7. d4 cxd4 8. cxd4
O-O 9. O-O d6 10. exd6 Qxd6 11. Nc4 Qc7 12. Ne3 Be6 13. Bxc6 Qxc6 14. Ne5 Bxe5
15. dxe5 Nf4 16. Qc2 Qxc2 17. Nxc2 Nd3 18. Nd4 Rfd8 19. Nxe6 fxe6 20. f4 Nb4 21.
b3 Rac8 22. Ba3 Nc2 23. Bxe7 Rd7 24. Bd6 Nxa1 25. Rxa1 Rc2 26. a4 Rd8 27. h3
Rdc8 28. Kh2 Rd2 29. b4 Rcc2 30. Rg1 h5 31. a5 Kf7 32. Bc5 a6 33. Kg3 h4+ 34.
Kxh4 Rxg2 35. Rd1 Rc4 36. Rd7+ Ke8 37. Re7+ Kd8 38. Rf7 Rxf4+ 0-1

[Event "3rd Kolkata GM Open 2018"]
[Site "Kolkata IND"]
[Date "2018.05.15"]
[Round "2.19"]
[White "Harsha, Bharathakoti"]
[Black "Dixit, Nikhil"]
[Result "0-1"]
[WhiteTitle "IM"]
[WhiteElo "2463"]
[BlackElo "2271"]
[WhiteFideId "5078776"]
[BlackFideId "5059534"]
[EventDate "2018.05.14"]

1. d4 Nf6 2. c4 g6 3. g3 Bg7 4. Bg2 O-O 5. Nc3 d6 6. Nf3 Nbd7 7. O-O a6 8. e4 e5
9. Qc2 exd4 10. Nxd4 Ne5 11. b3 c5 12. Nde2 Bd7 13. Bb2 b5 14. f4 Nc6 15. Rad1
Nd4 16. Nxd4 cxd4 17. Rxd4 Qb6 18. Qd2 b4 19. Ne2 Rae8 20. c5 Qxc5 21. Kh1 Qh5
22. Ng1 Bc6 23. e5 Bxg2+ 24. Qxg2 Ng4 25. Qh3 Qf5 26. Rxd6 Rd8 27. Rxd8 Rxd8 28.
Bc1 Rc8 29. Qg2 Rc2 30. Qa8+ Bf8 31. Nf3 Nxh2 32. Nd4 Qh3 0-1

[Event "3rd Kolkata GM Open 2018"]
[Site "Kolkata IND"]
[Date "2018.05.15"]
[Round "2.20"]
[White "Nandhidhaa, PV"]
[Black "Khusenkhojaev, Muhammad"]
[Result "0-1"]
[WhiteTitle "WIM"]
[BlackTitle "IM"]
[WhiteElo "2271"]
[BlackElo "2456"]
[WhiteFideId "5050847"]
[BlackFideId "14700247"]
[EventDate "2018.05.14"]

1. e4 c5 2. Nf3 d6 3. d4 cxd4 4. Nxd4 Nf6 5. Nc3 a6 6. Be2 e5 7. Nb3 Be7 8. Qd3
O-O 9. Be3 Qc7 10. g4 Nc6 11. a3 Bxg4 12. Bxg4 Nxg4 13. Nd5 Qd8 14. Bb6 Qc8 15.
Rg1 Nf6 16. Be3 Qh3 17. O-O-O Nxd5 18. exd5 Nd8 19. Rg3 Qh4 20. Rdg1 g6 21. Qf5
Kh8 22. Qd7 f5 23. Nd2 f4 24. Rg4 fxe3 25. Rxh4 exd2+ 26. Kd1 Bxh4 27. Rg4 Bxf2
28. Qxd6 Rf5 29. Kxd2 Nf7 30. Qe7 b5 31. b3 Rc8 32. c4 bxc4 33. Rxc4 Rd8 34. Ke2
Kg7 35. Rc7 Rxd5 36. Rc8 Kh6 37. Rf8 Bc5 38. Qh4+ Rh5 39. Qe4 Rxh2+ 40. Ke1 Bf2+
41. Ke2 Bg3+ 0-1

[Event "3rd Kolkata GM Open 2018"]
[Site "Kolkata IND"]
[Date "2018.05.16"]
[Round "3.1"]
[White "Shyaamnikhil, P"]
[Black "Short, Nigel D"]
[Result "0-1"]
[WhiteTitle "IM"]
[BlackTitle "GM"]
[WhiteElo "2401"]
[BlackElo "2656"]
[WhiteFideId "5024218"]
[BlackFideId "400025"]
[EventDate "2018.05.14"]

1. Nf3 d5 2. g3 g6 3. Bg2 Bg7 4. d4 Nh6 5. Nbd2 Nf5 6. c3 Nd6 7. O-O c6 8. Re1
Bf5 9. Nh4 Be6 10. e4 dxe4 11. Nxe4 Nxe4 12. Bxe4 O-O 13. Bf4 Nd7 14. Qc1 Bd5
15. Bh6 e6 16. Bxg7 Kxg7 17. Bg2 b5 18. Nf3 a5 19. Ne5 Nxe5 20. Rxe5 Re8 21. Bf1
a4 22. Re1 Qf6 23. Qe3 g5 24. Bg2 Red8 25. a3 Bxg2 26. Kxg2 Rd5 27. Re2 Rad8 28.
Rae1 Rf5 29. h3 h5 30. Rf1 Rdd5 31. f4 Qg6 32. fxg5 Rxf1 33. Kxf1 Rxg5 34. Kg2
Qf5 35. Qe5+ Kg6 36. Qb8 Qd5+ 37. Kh2 Rf5 38. g4 hxg4 39. hxg4 Rf1 40. Rg2 Kg7
41. Kg3 Qf3+ 42. Kh2 Qe3 43. Qe5+ Qxe5+ 44. dxe5 Re1 45. Kg3 Rxe5 46. Kf4 Rd5
47. Re2 Kf6 0-1

[Event "3rd Kolkata GM Open 2018"]
[Site "Kolkata IND"]
[Date "2018.05.16"]
[Round "3.2"]
[White "Rathnakaran, K."]
[Black "Aravindh, Chithambaram VR."]
[Result "1/2-1/2"]
[WhiteTitle "IM"]
[BlackTitle "GM"]
[WhiteElo "2377"]
[BlackElo "2597"]
[WhiteFideId "5005507"]
[BlackFideId "5072786"]
[EventDate "2018.05.14"]

1. e4 e5 2. Nf3 Nc6 3. Bb5 a6 4. Ba4 Nf6 5. Qe2 b5 6. Bb3 Bc5 7. c3 O-O 8. h3 a5
9. O-O a4 10. Bc2 Ba6 11. b4 axb3 12. axb3 Bb6 13. d4 exd4 14. e5 Re8 15. Bg5 h6
16. Bh4 g5 17. Bg3 d5 18. Rxa6 Rxa6 19. Qxb5 Ne4 20. Bxe4 dxe4 21. Nfd2 Nb8 22.
Nxe4 Re6 23. b4 Ra2 24. Nf6+ Kf8 25. Qd3 Nd7 26. Nxd7+ Qxd7 27. c4 c5 28. Nd2
cxb4 29. Ne4 Ra3 30. Qb1 Qa4 31. c5 Bc7 32. Nd6 d3 33. f4 Qc2 34. Qxb4 Ra2 35.
Qb7 Rb2 36. Qd5 Rb1 37. Rxb1 Qxb1+ 38. Kh2 gxf4 39. Bxf4 Qf1 40. Qa8+ Kg7 41.
Qe4 Qe2 42. Nf5+ Kh7 43. Ne3+ Rg6 44. Qd5 Rg7 45. Ng4 h5 46. Nf6+ Kg6 47. Nd7
Kf5 48. e6+ Kxf4 49. e7 Rxg2+ 50. Qxg2 Kf5+ 51. Kg1 Qxe7 52. Qd5+ Kf4 53. Qxd3
Kg5 54. Kf2 Kh4 55. Qf5 Qg5 56. Qxg5+ Kxg5 57. Nb6 Kf5 58. Nd5 Bh2 59. c6 Ke6
60. c7 Kd7 61. Nf6+ Kxc7 62. Nxh5 Be5 1/2-1/2

[Event "3rd Kolkata GM Open 2018"]
[Site "Kolkata IND"]
[Date "2018.05.16"]
[Round "3.3"]
[White "Rozum, Ivan"]
[Black "Arjun, Kalyan"]
[Result "1-0"]
[WhiteTitle "GM"]
[WhiteElo "2581"]
[BlackElo "2383"]
[WhiteFideId "24104272"]
[BlackFideId "35018701"]
[EventDate "2018.05.14"]

1. d4 Nf6 2. g3 g6 3. Bg2 Bg7 4. e4 d6 5. Nc3 O-O 6. Nge2 e5 7. h3 c6 8. a4 Nbd7
9. O-O Re8 10. a5 exd4 11. Nxd4 Nc5 12. Re1 d5 13. exd5 Rxe1+ 14. Qxe1 cxd5 15.
Be3 a6 16. Nde2 Nce4 17. Nxe4 dxe4 18. Nc3 Qe8 19. Bd4 Bd7 20. Nxe4 Nxe4 21.
Bxg7 Kxg7 22. Qxe4 Bc6 23. Qxe8 Rxe8 24. Bxc6 bxc6 25. Ra3 Re5 26. Rc3 Rxa5 27.
Rxc6 Ra2 28. b3 a5 29. Rc4 Ra1+ 30. Kg2 Re1 31. Kf3 Re5 32. h4 h5 33. Rd4 Kf6
34. Rf4+ Kg7 35. Re4 Rc5 36. Re2 f6 37. Ke4 g5 38. Kd4 Rf5 39. c4 gxh4 40. gxh4
Rf3 41. c5 Rxb3 42. c6 Rb8 43. Kc5 a4 44. c7 Ra8 45. Kb6 a3 46. Ra2 1-0

[Event "3rd Kolkata GM Open 2018"]
[Site "Kolkata IND"]
[Date "2018.05.16"]
[Round "3.4"]
[White "Anand, Nadar"]
[Black "Sandipan, Chanda"]
[Result "1/2-1/2"]
[WhiteTitle "FM"]
[BlackTitle "GM"]
[WhiteElo "2368"]
[BlackElo "2573"]
[WhiteFideId "25009141"]
[BlackFideId "5004225"]
[EventDate "2018.05.14"]

1. d4 f5 2. Nc3 Nf6 3. Bg5 d5 4. Bxf6 exf6 5. e3 Be6 6. Bd3 Nc6 7. a3 Qd7 8.
Nge2 Bd6 9. O-O Bf7 10. b3 Na5 11. Nf4 Bxf4 12. exf4 O-O 13. Qd2 b6 14. Nd1 Nb7
15. Ne3 Nd6 16. c4 dxc4 17. bxc4 Rfe8 18. Qc2 g6 19. Rfd1 Ne4 20. d5 Qd6 21.
Bxe4 Rxe4 22. g3 Rae8 23. Qc3 h5 24. h4 Qc5 25. Qb4 Qe7 26. Qxe7 R4xe7 27. a4
Rc8 28. a5 Rd7 29. Rab1 Kf8 30. c5 bxc5 31. Rbc1 Rcd8 32. Rxc5 Ke7 33. Kf1 c6
34. Rxc6 Rd6 35. Rxd6 Kxd6 36. Rc1 Be8 37. Ke2 Rb8 38. Kd3 Bb5+ 39. Kd4 Re8 40.
f3 Kd7 41. Rb1 a6 42. Rc1 Re7 43. Rc3 Re8 44. Rc1 Re7 45. Re1 Re8 46. Rc1 Re7 1/2-1/2

[Event "3rd Kolkata GM Open 2018"]
[Site "Kolkata IND"]
[Date "2018.05.16"]
[Round "3.5"]
[White "Sengupta, Deep"]
[Black "Siva, Mahadevan"]
[Result "1-0"]
[WhiteTitle "GM"]
[BlackTitle "IM"]
[WhiteElo "2563"]
[BlackElo "2364"]
[WhiteFideId "5008352"]
[BlackFideId "25043153"]
[EventDate "2018.05.14"]

1. e4 e5 2. Nf3 Nc6 3. Bc4 Bc5 4. c3 Nf6 5. d4 exd4 6. e5 d5 7. Bb5 Ne4 8. cxd4
Bb6 9. Nc3 O-O 10. Be3 f5 11. g3 Ne7 12. Qb3 a6 13. Be2 Be6 14. O-O-O Qd7 15.
Ne1 Ba5 16. Nd3 Qc6 17. Kc2 Nc8 18. Qa4 Qxa4+ 19. Nxa4 Bd7 20. Nac5 Nxc5 21.
Nxc5 Bc6 22. Kb1 Bb6 23. Rc1 Bxc5 24. Rxc5 Ne7 25. Rhc1 Rfc8 26. Bg5 Kf7 27. Bf3
Rd8 28. e6+ Kf8 29. h4 Rac8 30. Re1 Bb5 31. Rc3 b6 32. g4 c5 33. gxf5 cxd4 34.
f6 gxf6 35. Rxc8 Rxc8 36. Bxf6 d3 37. Rc1 Rc4 38. Bg5 Ke8 39. b3 Rxc1+ 40. Kxc1
Kd8 41. Bxd5 Ke8 42. Be4 Ng6 43. f4 1-0